000 01111cam a2200313 a 4500
005 20260322212028.0
008 data
010 _a 84040056
020 _a0394726251 (pbk.) :
_c{dollar}9.95
020 _a9780394726250 (pbk.) :
_c{dollar}9.95
040 _aDLC
_cDLC
_dDLC
050 0 0 _aCB69
_b.B66 1985
051 _aCB69
_b.B66 1985 Copy 2
_cCopy 2. LC copy signed by the author.
082 0 0 _a909
_219
092 _a909 B66 1985
100 1 _aBoorstin, Daniel J.
_d1914-2004.
_q(Daniel Joseph),
245 1 4 _aThe discoverers /
_cDaniel J. Boorstin & Daniel J. Boorstin Collection (Library of Congress).
250 _a1st Vintage Book ed.
260 _aNew York :
_bVintage Books,
_c1985, c1983.
300 _axvi, 745 p. ;
_c21 cm.
500 _aIncludes index.
504 _aBibliography: p. [685]-713.
650 0 _aCivilization
_xHistory.
650 0 _aDiscoveries in geography.
650 0 _aScience
_xHistory.
710 2 _aDaniel J. Boorstin Collection (Library of Congress)
_5DLC
856 4 2 _3Publisher description
_uhttp://www.loc.gov/catdir/enhancements/fy0601/84040056-d.html
001 data
999 _c653
_d653